000 00630nam a22002177a 4500
010 _a982460
020 _c60.00
035 _a982460
037 _bCen Lib/Ret
040 _aDPL
_bEN
082 _a883.08
_bRAO
100 _aRao, K. R
_923553
245 _aThe fiction of Raja Rao /
_cby K. R. Rao
260 _aAurangabad
_bParimal Prakashan
_c1980
270 _aKhadkeshwar
_bAurangabad
_e431001
300 _a164p.
_c20cm(Hb)
500 _aIncludes bibliography and index
650 _aLiterature
_96262
650 _aRaja Rao -- Criticism and interpretation
_923554
942 _2ddc
_cEN
_h883.08
_mRAO
999 _c128483
_d128483